LEADER 01343cas--2200421---4500 001 990000336840203316 005 20110207132457.0 011 $a1016-3328 035 $a0033684 035 $aUSA010033684 035 $a(ALEPH)000033684USA01 035 $a0033684 100 $a20010207d--------km-y0ENGy0103----ba 101 $aeng 102 $aCH 110 $aahazz--|||| 200 1 $aComputational complexity$fBirkhauser Verlag 210 $aBasel$cBirkhäuser 215 $av.$cill.$d24 cm 300 $aComincia nel 1991 300 $aDescrizione basata su Vol.11, n.1(2002)- 326 $aTrimestrale 606 0$aComplessità computazionale$xPeriodici$2BNCF 676 $a511.305 712 02$aBirkhauser Verlag 801 0$aIT$bsalbc$gISBD 856 $uhttp://periodici.caspur.it/cgi-bin/sciserv.pl?collection=journals&issn=10163328$4.$zOnline da workstation autorizzate 912 $a990000336840203316 958 $aSCI$bPER II$c1992-$l1994; 959 $aSE 979 $aPATTY$b90$c20010207$lUSA01$h1306 979 $c20020403$lUSA01$h1641 979 $aPATRY$b90$c20040406$lUSA01$h1623 979 $aCIANATIEMP$b90$c20110118$lUSA01$h1245 979 $aCIANATIEMP$b90$c20110126$lUSA01$h1721 979 $aCIANATIEMP$b90$c20110207$lUSA01$h1324 996 $aComputational complexity$9878005 997 $aUNISA LEADER 01766nam 2200421Ia 450 001 996391580903316 005 20221108074141.0 035 $a(CKB)1000000000660076 035 $a(EEBO)2240902711 035 $a(OCoLC)9920247900971 035 $a(EXLCZ)991000000000660076 100 $a19910801d1542 uy | 101 0 $alat 135 $aurbn||||a|bb| 200 10$aInstitutio compendiaria totius grammaticae$b[electronic resource] $equam et eruditissimus atq[ue] idem illustrissimus rex noster hoc nomine euulgari iussit, ut non alia q[uoque] hæc una per totam Angliam pueris prælegeretur 210 $aLondini $c[Ex officina Thomae Bertheleti ...]$dM. D. XLII [1542] 215 $a[12], 80 [i.e. 156] p 300 $aAttributed to Lily by STC (2nd ed.) and NUC pre-1956 imprints. 300 $aPublisher from colophon. 300 $a"Cum priuilegio ad imprimendum solum"--Colophon. 300 $aSignatures: Aâ¶ B-Tâ´ Vâ¶. 300 $aTitle within illustrated border. 300 $aErrata: p. [10]. 300 $aErrors in paging: p. 24, 77 and 78 misnumbered 42, 78 and 80 respectively. 300 $aImperfect: p. 26-27, 30-31 bound and filmed out of order. 300 $aBound with "Alphabetum Latino Anglicum" (STC 19.2) and "An introduction of the eyght partes of speche" (STC 15610.6). 300 $aReproduction of original in the British Library. 330 $aeebo-0018 606 $aLatin language$xGrammar$vEarly works to 1800 615 0$aLatin language$xGrammar 700 $aLily$b William$f1468?-1522.$0841046 801 0$bEBK 801 1$bEBL 801 2$bWaOLN 906 $aBOOK 912 $a996391580903316 996 $aInstitutio compendiaria totius grammaticae$92401571 997 $aUNISA LEADER 03782nam 2200625Ia 450 001 9910788722003321 005 20200520144314.0 010 $a1-282-95959-X 010 $a9786612959592 010 $a0-252-09016-0 035 $a(CKB)3390000000006583 035 $a(EBL)3414161 035 $a(SSID)ssj0000543236 035 $a(PQKBManifestationID)11357194 035 $a(PQKBTitleCode)TC0000543236 035 $a(PQKBWorkID)10533581 035 $a(PQKB)10311265 035 $a(OCoLC)1058955647$z(OCoLC)703209372$z(OCoLC)768192119$z(OCoLC)841172338$z(OCoLC)923496462$z(OCoLC)961516385$z(OCoLC)962617387$z(OCoLC)975596174$z(OCoLC)1017610280$z(OCoLC)1017995155$z(OCoLC)1038171032$z(OCoLC)1044636711$z(OCoLC)1045109491$z(OCoLC)1048245716$z(OCoLC)1048748003$z(OCoLC)1053474687$z(OCoLC)1103555377$z(OCoLC)1119027970$z(OCoLC)1154992109$z(OCoLC)1154993996$z(OCoLC)1156397712 035 $a(OCoLC)on1058955647 035 $a(MdBmJHUP)muse24581 035 $a(Au-PeEL)EBL3414161 035 $a(CaPaEBR)ebr10622426 035 $a(CaONFJC)MIL295959 035 $a(OCoLC)923496462 035 $a(MiAaPQ)EBC3414161 035 $a(EXLCZ)993390000000006583 100 $a20100610d2011 uy 0 101 0 $aeng 135 $aur|n|---||||| 181 $ctxt 182 $cc 183 $acr 200 00$aChallenging the prison-industrial complex$b[electronic resource] $eactivism, arts, and educational alternatives /$fedited by Stephen John Hartnett 210 $aUrbana $cUniversity of Illinois Press$dc2011 215 $a1 online resource (313 p.) 300 $aDescription based upon print version of record. 311 $a0-252-03582-8 311 $a0-252-07770-9 320 $aIncludes bibliographical references and index. 327 $aBuilding an abolition democracy; or, the fight against public fear, private benefits, and prison expansion / Erica R. Meiners -- Poem. Another day in the Champaign County Jail / Dennis Mansker -- Militarizing the police : Officer Jon Burge, torture, and war in the "urban jungle" / Julilly Kohler-Hausmann -- Poem. Gotta be careful where ya plant ya feet / Marvin Mays -- Killing democracy; or, how the drug war drives the prison-industrial complex / Daniel Mark Larson -- Poem. Another day / Erika Baro -- Teaching you to love fear : television news and racial stereotypes in a punishing democracy / Travis L. Dixon -- Poem. In search of salvation / William T. Smith -- Diagnosing the schools-to-prisons pipeline : maximum security, minimum learning / Rose Braz and Myesha Williams -- A piece of the reply : the Prison Creative Arts Project and practicing resistance / Buzz Alexander -- Poem. The poet's corner / George Hall -- Each one reach one : playwriting and community activism as redemption and prevention / Robin Sohnen -- Poem. Devil talks / Robert "Chicago" McCollum -- Fostering cultures of achievement in urban schools : how to work toward the abolition of the schools-to-prisons pipeline / Garrett Albert Duncan -- Poem. January 3, 2009 / Nicole Monahan -- Humanizing education behind bars : Shakespeare and the theater of empowerment / Jonathan Shailor -- Poem. Anger / Kenneth Sean Kelly -- Breaking down the walls : inside-out learning and the pedagogy of transformation / Lori Pompa. 606 $aPrison-industrial complex$zUnited States 606 $aImprisonment$zUnited States 606 $aPrisons$zUnited States 615 0$aPrison-industrial complex 615 0$aImprisonment 615 0$aPrisons 676 $a365.973 701 $aHartnett$b Stephen J$01463157 801 0$bMiAaPQ 801 1$bMiAaPQ 801 2$bMiAaPQ 906 $aBOOK 912 $a9910788722003321 996 $aChallenging the prison-industrial complex$93761898 997 $aUNINA LEADER 03511nam 2200637 450 001 9910810479003321 005 20200520144314.0 010 $a0-8276-1275-3 010 $a0-8276-1248-6 035 $a(CKB)3710000000465764 035 $a(EBL)3571071 035 $a(SSID)ssj0001546394 035 $a(PQKBManifestationID)16141510 035 $a(PQKBTitleCode)TC0001546394 035 $a(PQKBWorkID)14796228 035 $a(PQKB)11035176 035 $a(OCoLC)918983976 035 $a(MdBmJHUP)muse46579 035 $a(Au-PeEL)EBL3571071 035 $a(CaPaEBR)ebr11091517 035 $a(CaONFJC)MIL823896 035 $a(OCoLC)929515058 035 $a(MiAaPQ)EBC3571071 035 $a(EXLCZ)993710000000465764 100 $a20151122h20152015 uy 0 101 0 $aeng 135 $aur|n|---||||| 181 $ctxt 182 $cc 183 $acr 200 10$aAkiva $elife, legend, legacy /$fReuven Hammer 210 1$aPhiladelphia, Pennsylvania :$cThe Jewish Publication Society,$d2015. 210 4$d©2015 215 $a1 online resource (269 p.) 300 $a"Published by the University of Nebraska Press as a Jewish Publication Society book." 311 $a0-8276-1215-X 320 $aIncludes bibliographical references and indexes. 327 $aAkiva's early life -- Becoming a sage -- The new sage and public figure -- The mystical interpreter of Torah -- The organizer of Torah -- Akiva and the Song of Songs -- Aspects of Akiva's theology -- Akiva's resistance, imprisonment, and death -- The man and his legacy. 330 $a"Reuven Hammer traces the life of the great and legendary Sage, from youth to a martyr's death, and his many contributions to Rabbinic Judaism"--$cProvided by publisher. 330 $a"The legendary Akiva ben Yosef has fascinated Jews for centuries. One of and arguably the most important of the Tannaim, or early Jewish sages, he lived during a crucial era in the development of Judaism as we know it today, and his theology played a major part in the development of Rabbinic Judaism. Reuven Hammer details Akiva's life as it led to a martyr's death and delves into the rich legacy Akiva left us.That legacy played an extraordinarily important role in helping the Jewish people survive difficult challenges and forge a vibrant religious life anew and it continues to influence Jewish law, ethics, and theology even today. Akiva's contribution to the development of Oral Torah cannot be overestimated, and in this first book written in English about the sage since 1936, Hammer reassesses Akiva's role from the period before the destruction of the Temple in 70 CE until the Bar Kokhba Revolt in 135 CE. He also assesses new findings about the growth of early Judaism, the reasons why Akiva was so outspoken about "Christian Jews," the influence of Hellenism, the Septuagint, and the canonization of the Hebrew Bible. Ultimately, Hammer shows that Judaism without Akiva would be a very different religion"--$cProvided by publisher. 606 $aTannaim$vBiography 606 $aJews$xHistory$yBar Kokhba Rebellion, 132-135 606 $aMartyrdom$xJudaism 615 0$aTannaim 615 0$aJews$xHistory 615 0$aMartyrdom$xJudaism. 676 $a296.1/20092 686 $aBIO018000$aREL040030$2bisacsh 700 $aHammer$b Reuven $01614709 801 0$bMiAaPQ 801 1$bMiAaPQ 801 2$bMiAaPQ 906 $aBOOK 912 $a9910810479003321 996 $aAkiva$93944611 997 $aUNINA